Informačný systém pre jazykovú školu

Gespeichert in:
Bibliographische Detailangaben
1. Verfasser: Murínová, Zuzana (Verfasst von)
Weitere Verfasser: Juhásová, Bohuslava (Betreuung Doktorarbeit)
Format: Manuskript Buch
Sprache:Slowakisch
Veröffentlicht: 2025
Schlagworte:
Online-Zugang:http://is.stuba.sk/zp/portal_zp.pl?podrobnosti=183952
Tags: Tag hinzufügen
Keine Tags, Fügen Sie das erste Tag hinzu!

MARC

LEADER 00000ntm a22000003a 4500
001 stuzp103667
003 SK-STU
005 20250614212133.8
007 ta
008 150427s2015----xo-----f-mn---000-0-slo-d
040 |a STU  |b slo 
041 0 |a slo 
100 1 |a Murínová, Zuzana  |u 066000  |4 aut  |U MTF Materiálovotechnologická fakulta  |T MTF Ústav aplikovanej informatiky, automatizácie a mechatroniky  |X 112436  |U M6000  |Y 86  |7 112436 
242 0 1 |a Information system for a language school  |y eng 
245 1 0 |a Informačný systém pre jazykovú školu 
260 |c 2025 
650 4 |a web application  |2 eng 
650 4 |a database  |2 eng 
650 4 |a VS Code  |2 eng 
650 4 |a CSS  |2 eng 
650 4 |a HTML  |2 eng 
650 4 |a databáza  |2 slo 
650 4 |a VS Code  |2 slo 
650 4 |a webová aplikácia  |2 slo 
650 4 |a CSS  |2 slo 
650 4 |a HTML  |2 slo 
700 1 |a Juhásová, Bohuslava  |u 066000  |k Z1  |4 ths  |U MTF Materiálovotechnologická fakulta  |T MTF Ústav aplikovanej informatiky, automatizácie a mechatroniky  |X 201  |U M6000  |Y 86  |7 A000000201 
856 4 |u http://is.stuba.sk/zp/portal_zp.pl?podrobnosti=183952 
996 |c M* DP-15612  |l MMSKP  |s P  |a 0  |w stuzp103667_0001